000 00437nam a2200169Ia 4500
008 131103s9999 xx 000 0 und d
040 _aLoreto College
041 _aEnglish
082 _aF/KEM
_bLCLIB/10770
100 _aKemal,Yashar
245 _aMemed,my Hawk
_cYashar Kemal
260 _aLondon
_bCollins and Harvill Press
_c1961
300 _a351 p.
_c 22 cm.
650 _aFiction in English
850 _aLCLIB
942 _cBK
999 _c14685
_d65164